000 00770nam a2200265Ia 4500
001 Para_5274
003 CHAP
008 220125s1919 xx 000 0 und d
010 _a203746
040 _cCHAP
090 _aPA FOLLETO 2615
245 _aPreparatíon of barreled apples for market /
_c W. M. Scott [et.al.]
260 _aWashington :
_b Department of Agriculture
300 _a40 p.
440 _aEUA. Dept. of Agriculture Farmers'bull.; 1080
_9169635
650 _aManzana
_x Empaque Manzana
_x Mercadeo.
_9169636
700 _aScott, W. M.
_9103409
901 _aPA FOLLETO 2615
902 _aA
905 _a0000001919 WAS 0000000000 00
910 _a1919
942 _cPARA
942 _cPARA
_d1
999 _c203746
_d203746